000 00371nam a2200133Ia 4500
008 220217s9999||||xx |||||||||||||| ||und||
020 _a81-224-1951-8
082 _a025.04 WIL
100 _aWilson, Katie
_95980
245 0 _aComputers in libraries
260 _aNew age international private, Ltd.
_bNew Delhi
_c2006
300 _b295
650 _aCOMPUTER SCIENCE
999 _c177238
_d177238